Kz̲gazdasg̀i Szemle

Bibliographic Details
Format: Journal
Language:Hungarian
Published: Budapest : Kz̲gazdasg̀i Szemle Alapt̕vǹy, 1954-
Subjects:
Online Access:http://www.vlex.com/source/7221

MARC

LEADER 00000nas a22000007a 4500
005 20130311151500.0
007 cr|||| ||||
008 130311c19549999hu mr|p s|||| 0|||b1hun d
022 |a 234346  
035 |a 7221 
040 |a vLex 
090 |c 3885  |d 3885 
245 0 0 |a Kz̲gazdasg̀i Szemle  |h [Recurso electrn̤ico]  
256 |a Servicio en ln̕ea 
260 |a Budapest :  |b Kz̲gazdasg̀i Szemle Alapt̕vǹy,   |c 1954- 
300 |a 1 Recurso electrn̤ico 
506 |d vLex Global  |d vLex Global (Academic Edition, excluding Law Schools)  |d vLex Global (U.S. Academic Edition, Law Schools)  |d vLex Global (U.S. Academic Edition, excluding Law Schools)  |d vLex Global (Academic Edition, Law Schools) 
650 0 4 |a Economa̕  |v Revistas  |z Hungra̕ 
740 |a vLex Revistas (Servicio en ln̕ea) 
856 |a Acceso restringido  |u http://www.vlex.com/source/7221 
942 |c REV 
999 0 |a Economics